Methods of Teaching English/ (Record no. 192422)

MARC details
000 -LEADER
fixed length control field 00560nam a22001937a 4500
005 - DATE AND TIME OF LATEST TRANSACTION
control field 20220921144527.0
010 ## - LCCN (DPL NO)
LC control number ENG-135159
020 ## - INTERNATIONAL STANDARD BOOK NUMBER
Terms of availability 116.00
035 ## - SYSTEM CONTROL NUMBER
System control number EN-118691
037 ## - SOURCE OF ACQUISITION
Source of stock number/acquisition DBAD / PUB
082 ## - DEWEY DECIMAL CLASSIFICATION NUMBER
Classification number 480
100 ## - MAIN ENTRY--PERSONAL NAME
Personal name Narayana,Surya
245 ## - TITLE STATEMENT
Title Methods of Teaching English/
Statement of responsibility, etc by Surya Narayana [and ] Satya Narayana
260 ## - PUBLICATION, DISTRIBUTION, ETC. (IMPRINT)
Name of publisher, distributor, etc D.Surya Kumari
Date of publication, distribution, etc 2009
Place of publication, distribution, etc Machilipatnam
270 ## - ADDRESS
Address MIG-143,A.P.H.B.Colony,
City Machilipatnam
Postal code 521001
300 ## - PHYSICAL DESCRIPTION
Extent vp.:
Dimensions 21cm(pbk)
700 ## - ADDED ENTRY--PERSONAL NAME
Personal name Narayana,Satya
942 ## - ADDED ENTRY ELEMENTS (KOHA)
Source of classification or shelving scheme Dewey Decimal Classification
Item type English Books
Call number suffix NAR
Classification part 480
Holdings
Withdrawn status Lost status Not for loan Collection code Home library Current library Date acquired Source of acquisition Cost, normal purchase price Full call number Barcode Copy number Cost, replacement price Koha item type
      Non-fiction Bawana Bawana 21/09/2022 DBAD/PUB 116.00 480 NAR EN-118691 1 116.00 English Books

© Delhi Public Library
Hit Counter
free hit counter